00954nam a22001457a 4500999001900000008004100019245006900060260001100129300003100140520049900171773001100670906001400681942000700695952010600702 c524535d524535231218b ||||| |||| 00| 0 eng d aRedefining mobility: Transforming landscape of transport sector  aYojana a67(12), Dec, 2023: p.34-42 aPM GatiShakti national master plan for multi-model connectivity, 2021, is essentially a digital platform to bring 16 ministries, including railways and roadways together for integrated planning and coordinated implementation of infrastructure connectivity projects. Multi-model connectivity for the movement of people, goods and series from one mode of transport to another. It will facilitate the last-mile connectivity of infrastructure and also reduce travel time for people. – Reproduced  aYojana aTRANSPORT cAR 00102ddc40709399590aIIPAbIIPAd2023-12-18h67(12), Dec, 2023: p.34-42pAR130361r2023-12-18yAR